Iron Man Trilogy Cast - Sudden Death - Statistics

General Stats
  • This quiz has been taken 45 times
  • The average score is 9 of 16
Answers on the Grid
Answers color-coded by a green-red scale on the quiz's grid according to % correct below.
Tom Cruise
Faran Tahir
Samuel L. Jackson
Jon Favreau
Clancy Brown
Octavia Spencer
Tyler James Williams
Clark Gregg
Mark Ruffalo
Gwyneth Paltrow
Sean Bean
Sarah Wayne Callies
Don Cheadle
Terrence Howard
Matthias Schweighöfer
Nora Arnezeder
Bob Odenkirk
Whoopi Goldberg
Jeff Bridges
Scarlett Johansson
Guy Pearce
Matthew Fox
Sam Rockwell
Elon Musk
Donald Trump
Mickey Rourke
Danny Glover
Thomas Jane
Billy Boyd
Cuba Gooding Jr.
Paul Newman
Ben Kingsley
Timothy Olyphant
Leslie Bibb
 
Answer Stats
Answer % Correct
Samuel L. Jackson
88%
Don Cheadle
75%
Gwyneth Paltrow
75%
Jon Favreau
73%
Scarlett Johansson
73%
Ben Kingsley
60%
Terrence Howard
60%
Jeff Bridges
53%
Mark Ruffalo
53%
Elon Musk
48%
Guy Pearce
45%
Mickey Rourke
45%
Sam Rockwell
45%
Clark Gregg
35%
Faran Tahir
23%
Leslie Bibb
18%
No matching quizzes found
Score Distribution
Percent of People with Each Score
Percentile by Number Answered
Your Score History
You have not taken this quiz